[Event "Santo Domingo Duarte Memorial 8th"]
[Site "Santo Domingo"]
[Date "2019.01.27"]
[Round "8"]
[White "Peralta Moore, Juan Antonio"]
[Black "Tejera, Jose"]
[Result "1-0"]
[WhiteElo "1980"]
[BlackElo "2040"]
[PlyCount "49"]
[EventDate "2019.01.18"]
[EventType "swiss"]
[EventRounds "8"]
[EventCountry "DOM"]
[SourceTitle "CBM 188 Extra"]
[Source "ChessBase"]
[SourceDate "2019.02.26"]
[SourceVersion "1"]
[SourceVersionDate "2019.02.26"]
[SourceQuality "1"]

1. d4 Nf6 2. Bg5 g6 3. Bxf6 exf6 4. c4 Bg7 5. g3 0-0 6. Bg2 f5 7. e3 d6 8. Ne2 Nd7 9. 0-0 Nf6 10. Nbc3 Rb8 11. Qd3 Re8 12. Rfd1 c6 13. b4 Qe7 14. a4 Ne4 15. b5 Be6 16. Rac1 d5 17. cxd5 cxd5 18. Nf4 Red8 19. Nxe6 fxe6 20. Nxe4 dxe4 21. Qb3 Rd7 22. Rc5 Rf8 23. Rdc1 Qf6 24. R1c2 Rdf7 25. Bh3 1-0